zpět

Detail výsledku týmu

Casa Di Marco, Kosmonosy

Datum a čas kvízu

34.5 Celkem bodů Celkový počet nahraných bodů na tomto kvízu bez doplňovacích otázek.
3. Pořadí na kvízu Konečné umístění týmu na tomto kvízu.

Zaznamenané odpovědi

# Otázka Odpověď Body Výsledky
1. V minulých dnech bylo v médiíc... Pavel Tuleja 1
2. Švýcarský výrobce nožů Victori... nebude obsahovat nožík/čepel 0
3. Jedno z nejnovějších děl umělc... C) ve Veselí nad Moravou 0
4. Objem daňových nedoplatků za l... Česká správa sociálního zabezpečení 1
5. Po dvanáctidenní plavbě dovezl... Marseille 1
6. Podíváme se do zemí či krajů,... Genovia, Anne Hathaway 1
7. Ve filmu Tři veteráni ztvárnil... B 1
8. Nyní se podíváme do malé vesni... Kyselá prdel (Bad Ass) 1
9. Přiřaďte tyto postavy z knižní... 1C 2B 3D 4A 1
10. Které drama režiséra Vladimíra... Je třeba zabít Sekala 1